Ley de enjuiciamiento sobre los negocios y causas de comercio (Record no. 153757)

MARC details
000 -LEADER
campo de control de longitud fija 00938nam a2200265 4500
001 - NÚMERO DE CONTROL
campo de control 153757
003 - IDENTIFICADOR DE NÚMERO DE CONTROL
campo de control ES-MaACL
005 - FECHA Y HORA DE LA ÚLTIMA TRANSACCIÓN
campo de control 20250827062631.0
008 - DATOS DE LONGITUD FIJA--INFORMACIÓN GENERAL
campo de control de longitud fija 950303s1830 sp l |||| | spa d
040 ## - FUENTE DE CATALOGACIÓN
Centro catalogador/agencia de origen EUS
Lengua de catalogación spa
Centro/agencia transcriptor EUS
080 ## - NÚMERO DE LA CLASIFICACIÓN DECIMAL UNIVERSAL
Número de la Clasificación Decimal Universal 347.7(46)"18"(094.5)
110 1# - ENTRADA PRINCIPAL--NOMBRE DE ENTIDAD CORPORATIVA
Nombre de entidad corporativa o nombre de jurisdicción como elemento de entrada España
9 (RLIN) 3622
240 10 - TÍTULO UNIFORME
Título uniforme [Ley de enjuiciamiento sobre los negocios y causas de gobierno (
Fecha de la firma de un tratado 1830])
245 10 - MENCIÓN DEL TÍTULO
Título Ley de enjuiciamiento sobre los negocios y causas de comercio
Resto del título : decretada, sancionada y promulgada en 24 de julio de 1830.
250 ## - MENCION DE EDICION
Mención de edición Ed. oficial.
260 ## - PUBLICACIÓN, DISTRIBUCIÓN, ETC.
Lugar de publicación, distribución, etc. [Madrid] :
Nombre del editor, distribuidor, etc. [s.n.],
Fecha de publicación, distribución, etc. 1830 (
Fabricante En la Oficina de D. León Amarita)
300 ## - DESCRIPCIÓN FÍSICA
Extensión 188, [2] p. ;
Dimensiones 21 cm.
597 ## - NOTA DE DESCRIPCIÓN FÍSICA
NOTA DE DESCRIPCIÓN FÍSICA Signaturizado.
597 ## - NOTA DE DESCRIPCIÓN FÍSICA
NOTA DE DESCRIPCIÓN FÍSICA Antep.
597 ## - NOTA DE DESCRIPCIÓN FÍSICA
NOTA DE DESCRIPCIÓN FÍSICA Port con esc. real.
650 04 - PUNTO DE ACCESO ADICIONAL DE MATERIA--TÉRMINO DE MATERIA
Término de materia o nombre geográfico como elemento de entrada Derecho mercantil-
Subdivisión geográfica España
9 (RLIN) 11735
852 ## - LOCALIZACIÓN
Ubicación ES-MaACL
Número de control de estantería B-7350
Nota libre -- Enc. pasta
852 ## - LOCALIZACIÓN
Ubicación ES-MaACL
Número de control de estantería C-2950
Nota libre -- Enc. pasta
Holdings
Estatus retirado Estado de pérdida Estado de daño No para préstamo Colección Biblioteca de origen Biblioteca actual Ubicación en estantería Fecha de adquisición Total de préstamos Signatura topográfica completa Código de barras Visto por última vez Precio de reemplazo Tipo de ítem Koha Fuente de adquisición
        Libros del s. XIX Biblioteca del Ateneo de Madrid Biblioteca del Ateneo de Madrid Depósito 2 17/01/2008   C-2950 1160748 23/02/2023 23/02/2023 Libro impreso antiguo  
        Libros del s. XIX Biblioteca del Ateneo de Madrid Biblioteca del Ateneo de Madrid Sala Pardo Bazán 17/01/2008   B-7350 1160747 23/02/2023 23/02/2023 Libro impreso antiguo